Rise of the plebeians? : (Record no. 27759)
[ view plain ]
| 000 -LEADER | |
|---|---|
| fixed length control field | 02850cam a22004095a 4500 |
| 005 - DATE AND TIME OF LATEST TRANSACTION | |
| control field | 20090622142332.0 |
| 008 - FIXED-LENGTH DATA ELEMENTS--GENERAL INFORMATION | |
| fixed length control field | 090226s2009 ii a bs 000 0 eng |
| 010 ## - LCCN (DPL NO) | |
| LC control number | ENG-94166 |
| 020 ## - INTERNATIONAL STANDARD BOOK NUMBER | |
| International Standard Book Number | 9780415460927 |
| Terms of availability | 895.00 |
| 035 ## - SYSTEM CONTROL NUMBER | |
| System control number | EN-77699 |
| 035 ## - SYSTEM CONTROL NUMBER | |
| System control number | B-361842-847 |
| 037 ## - SOURCE OF ACQUISITION | |
| Source of stock number/acquisition | DBAD / PUB |
| 037 ## - SOURCE OF ACQUISITION | |
| Source of stock number/acquisition | Uppal Book Store |
| 040 ## - CATALOGING SOURCE | |
| Original cataloging agency | dpl |
| Language of cataloging | English |
| 082 ## - DEWEY DECIMAL CLASSIFICATION NUMBER | |
| Classification number | 328.54008624 |
| 245 ## - TITLE STATEMENT | |
| Title | Rise of the plebeians? : |
| Remainder of title | the changing face of Indian legislative assemblies / |
| Statement of responsibility, etc | editoed by Christophe Jaffrelot [and] Sanjay Kumar |
| 260 ## - PUBLICATION, DISTRIBUTION, ETC. (IMPRINT) | |
| Place of publication, distribution, etc | New Delhi : |
| Name of publisher, distributor, etc | Routledge |
| Date of publication, distribution, etc | 2009 |
| 270 ## - ADDRESS | |
| Address | 912 Tolstoy House, 15-17 Tolstoy Marg, |
| City | New Delhi |
| Postal code | 110001 |
| 300 ## - PHYSICAL DESCRIPTION | |
| Extent | xxxvi, 494 p. |
| Dimensions | 23cm(Hb) |
| 490 ## - SERIES STATEMENT | |
| Series statement | Exploring the political in South Asia/ edited by Mukulika Banerjee |
| 500 ## - GENERAL NOTE | |
| General note | Includes statistical tables. |
| 504 ## - BIBLIOGRAPHY, ETC. NOTE | |
| Bibliography, etc | Includes bibliographical references |
| 520 ## - SUMMARY, ETC. | |
| Summary, etc | Contributed articles on the caste membership of the members of state-level legislative assemblies of India. |
| 650 ## - SUBJECT ADDED ENTRY--TOPICAL TERM | |
| Topical term or geographic name as entry element | Caste |
| General subdivision | Political aspects |
| Geographic subdivision | India. |
| 651 ## - SUBJECT ADDED ENTRY--GEOGRAPHIC NAME | |
| Geographic name | India |
| General subdivision | Politics and government |
| Chronological subdivision | 1947- |
| 700 ## - ADDED ENTRY--PERSONAL NAME | |
| Personal name | Jaffrelot, Christophe. |
| 700 ## - ADDED ENTRY--PERSONAL NAME | |
| Personal name | Kumar, Sanjay. |
| 942 ## - ADDED ENTRY ELEMENTS (KOHA) | |
| Source of classification or shelving scheme | Dewey Decimal Classification |
| Item type | English Books |
| Call number suffix | RIS |
| Classification part | 328.54008624 |
| Withdrawn status | Lost status | Source of classification or shelving scheme | Damaged status | Not for loan | Collection code | Home library | Current library | Date acquired | Source of acquisition | Cost, normal purchase price | Total Checkouts | Full call number | Barcode | Date last seen | Copy number | Cost, replacement price | Koha item type | Total Renewals |
|---|---|---|---|---|---|---|---|---|---|---|---|---|---|---|---|---|---|---|
| Dewey Decimal Classification | Central Library | Central Library | 09/03/2010 | Uppal Book Store/9020/30.1.09/138/16.10.09/30.10.09 | 895.00 | 2 | 328.54008624 RIS | B-361842 | 06/01/2024 | 1 | 895.00 | English Books | 4 | |||||
| Dewey Decimal Classification | Not For Loan | Non-fiction | D.B.Act.Division | D.B.Act.Division | 22/06/2009 | DBAD / PUB | 895.00 | 328.54008624 RIS | EN-77699 | 22/06/2009 | 1 | 895.00 | English Books | |||||
| Dewey Decimal Classification | Janak Puri | Janak Puri | 09/03/2010 | Uppal Book Store/9020/30.1.09/138/16.10.09/30.10.09 | 895.00 | 3 | 328.54008624 RIS | B-361844 | 20/06/2023 | 1 | 895.00 | English Books | 1 | |||||
| Dewey Decimal Classification | Karol Bagh | Karol Bagh | 09/03/2010 | Uppal Book Store/9020/30.1.09/138/16.10.09/30.10.09 | 895.00 | 328.54008624 RIS | B-361846 | 09/03/2010 | 1 | 895.00 | English Books | |||||||
| Dewey Decimal Classification | Patel Nagar | Patel Nagar | 09/03/2010 | Uppal Book Store/9020/30.1.09/138/16.10.09/30.10.09 | 895.00 | 328.54008624 RIS | B-361843 | 09/03/2010 | 1 | 895.00 | English Books | |||||||
| Dewey Decimal Classification | Shahdara Branch | Shahdara Branch | 09/03/2010 | Uppal Book Store/9020/30.1.09/138/16.10.09/30.10.09 | 895.00 | 328.54008624 RIS | B-361847 | 09/03/2010 | 1 | 895.00 | English Books | |||||||
| Dewey Decimal Classification | Vinoba Puri | Vinoba Puri | 09/03/2010 | Uppal Book Store/9020/30.1.09/138/16.10.09/30.10.09 | 895.00 | 6 | 328.54008624 RIS | B-361845 | 10/06/2014 | 1 | 895.00 | English Books | 5 |
